[Event "CAN-ch U08"]
[Site "Windsor"]
[Date "2015.07.08"]
[Round "4.132"]
[White "Nayak, Anuj"]
[Black "Chen, Andrew2222"]
[Result "1-0"]
[WhiteElo "696"]
[BlackElo "643"]
[PlyCount "61"]
[EventDate "2015.07.06"]
[EventType "swiss"]
[EventRounds "7"]
[EventCountry "CAN"]
[SourceTitle "EXT 2022"]
[Source "ChessBase"]
[SourceDate "2021.10.06"]
[SourceVersion "1"]
[SourceVersionDate "2021.10.06"]
[SourceQuality "1"]

1. e4 d5 2. exd5 Nf6 3. d4 Nxd5 4. c4 Nf6 5. Nc3 Bg4 6. f3 Bf5 7. Bd3 Be6 8. d5 Bd7 9. Nge2 e6 10. dxe6 Bxe6 11. 0-0 Bc5+ 12. Kh1 Qd6 13. Bf4 Qd7 14. Be4 Nxe4 15. Nxe4 Qxd1 16. Rfxd1 Bxc4 17. Nxc5 Bxe2 18. Re1 0-0 19. Rxe2 Nc6 20. Nxb7 Nd4 21. Re7 Nc2 22. Rc1 Nb4 23. a3 Na6 24. Nc5 Nxc5 25. Rxc5 Rfe8 26. Rcxc7 h6 27. h3 Rad8 28. Rxe8+ Rxe8 29. Rxa7 Re1+ 30. Kh2 Re6 31. Ra4 1-0

[Event "CAN-ch U08"]
[Site "Windsor"]
[Date "2015.07.06"]
[Round "1.136"]
[White "Nayak, Anuj"]
[Black "Wang, Daniel1111"]
[Result "0-1"]
[WhiteElo "696"]
[BlackElo "890"]
[PlyCount "78"]
[EventDate "2015.07.06"]
[EventType "swiss"]
[EventRounds "7"]
[EventCountry "CAN"]
[SourceTitle "EXT 2022"]
[Source "ChessBase"]
[SourceDate "2021.10.06"]
[SourceVersion "1"]
[SourceVersionDate "2021.10.06"]
[SourceQuality "1"]

1. e4 e5 2. Nf3 Nc6 3. Bb5 a6 4. Ba4 Nf6 5. d3 Bc5 6. 0-0 b5 7. Bb3 0-0 8. c3 d6 9. Bc2 Bg4 10. h3 Bh5 11. a3 a5 12. d4 exd4 13. cxd4 Bxf3 14. Qxf3 Nxd4 15. Qd3 Nxc2 16. Qxc2 Re8 17. Nd2 b4 18. axb4 axb4 19. Rxa8 Qxa8 20. Re1 Qa7 21. Re2 d5 22. e5 Qa6 23. Nb3 Bd6 24. Nd4 Bxe5 25. Nc6 Qxe2 26. Qxe2 Bh2+ 27. Kxh2 Rxe2 28. f3 Rc2 29. Ne7+ Kf8 30. Nc8 Rxc1 31. Na7 d4 32. Nc6 d3 33. Nd4 d2 34. Nb3 d1Q 35. Nxc1 Qxc1 36. Kg3 Qxb2 37. Kh4 Qxg2 38. f4 g6 39. f5 g5# 0-1